Dirsi lesbica : vita di coppia, sessualità, rappresentazione di sé /

Saved in:
Bibliographic Details
Main Author: Chetcuti, Natacha (Author)
Other Authors: Gallo, Rita (Translator), Garbagnoli, Sara (Author of introduction, etc.)
Format: Book
Language:Italian
Published: Roma : Ediesse, 2014
Series:Sessismoerazzismo
Subjects:
Tags: Add Tag
No Tags, Be the first to tag this record!

MARC

LEADER 00000nam a22000007i 4500
001 IT\ICCU\RT1\0042627
003 ItRI
005 20260115232053.0
008 141024s2014 it |||||| ||||| |||||c
020 |a 9788823017610 
040 |b ita  |c importazione bologna sebina 
041 7 |a ita  |2 ISO-639-2 
082 |a 306.7663  |9 OMOSESSUALITA FEMMINILE (LESBISMO)  |2 21 
100 1 |a Chetcuti, Natacha  |0 IT\ICCU\TSAV\603219  |4 aut 
240 1 0 |a Se dire lesbienne  |3 IT\ICCU\RL1\0070489 
245 1 0 |a Dirsi lesbica :  |b vita di coppia, sessualità, rappresentazione di sé /  |c Natacha Chetcuti ; introduzione di Sara Garbagnoli ; traduzione di Rita Gallo. 
260 |a Roma :  |b Ediesse,  |c 2014 
300 |a 320 ;  |c 18 cm. 
650 7 |a Omosessualità femminile 
700 1 |a Gallo, Rita  |0 IT\ICCU\UTOV\404742  |4 trl 
700 1 |a Garbagnoli, Sara  |0 IT\ICCU\UBOV\354104  |4 aui 
830 0 |a Sessismoerazzismo  |0 IT\ICCU\RT1\0003807 
942 |2 ddc  |c BK  |n 0 
952 |0 0  |1 0  |4 0  |6 L_306_766000000000000_CHE  |7 0  |9 19512  |a BO  |b BO  |d 2026-01-15  |i 17919  |l 0  |o L 306.766 CHE  |p BO17919  |r 2026-01-15 23:20:53  |w 2026-01-15  |x [Sebina 5] [1 v.]  |y BK  |z 1 v. 
999 |c 16619  |d 16619